000 00667nam a2200253Ia 4500
003 OSt
005 20220928112710.0
006 a|||||r|||| 00| 0
007 ta
008 220927b |||||||| |||| 00| 0 eng d
024 _a27372
037 _cTextual
040 _aSDCL
_cSDCL
_beng
041 _2eng
_aeng
082 _aX9W:8F, N6
100 _aJones Rowan
_9429325
245 0 _aPublic sector accounting
250 _a4
260 _aLondon
_bPitman Publishing
_c1996
300 _av,250p
_ccm.
700 _a Pendlebury Maurice
_9404979
942 _hX9W:8F, N6
_cTEXL
_2CC
999 _c745843
_d745843